Normal view
MARC view
- Shah, Anwar
Entry Personal Name
001 - CONTROL NUMBER
- control field: 37106
003 - CONTROL NUMBER IDENTIFIER
- control field: NUST
005 - DATE AND TIME OF LATEST TRANSACTION
- control field: 20210314130205.0
008 - FIXED-LENGTH DATA ELEMENTS
- fixed length control field: 210314|| aca||aabn | a|a d
040 ## - CATALOGING SOURCE
- Original cataloging agency: NUST
- Transcribing agency: NUST
100 ## - HEADING--PERSONAL NAME
- Personal name: Shah, Anwar
670 ## - SOURCE DATA FOUND
- Source citation: Work cat.: (NUST): Shah, Anwar., The reform of intergovernmental fiscal relations in developing and emerging market economies, 1994.
